000 00283nam a22001337a 4500
008 171123b xxu||||| |||| 00| 0 eng d
020 _a9780785260929
041 _aeng
080 _a658
100 _a54
101 _aLID
245 _aTHE 360 LEADER
_cMAXWELL.J
942 _2udc
_cBK
999 _c38334
_d38334